Sustainable drainage systems (Record no. 103614)

MARC details
000 -LEADER
fixed length control field 01342cam a2200301 4500
008 - FIXED-LENGTH DATA ELEMENTS--GENERAL INFORMATION
fixed length control field 040603n2004 000 0 eng u
020 ## - INTERNATIONAL STANDARD BOOK NUMBER
International Standard Book Number 0860176096
035 ## - SYSTEM CONTROL NUMBER
System control number (Sirsi) u126402
041 ## - LANGUAGE CODE
Language code of text/sound track or separate title eng
050 ## - LIBRARY OF CONGRESS CALL NUMBER
Classification number 627.4
-- 18
100 ## - MAIN ENTRY--PERSONAL NAME
Personal name Wilson, Steve
245 ## - TITLE STATEMENT
Title Sustainable drainage systems
Remainder of title hydraulic, structural and water quality advice
260 ## - PUBLICATION, DISTRIBUTION, ETC.
Place of publication, distribution, etc. London
Name of publisher, distributor, etc. CIRIA
Date of publication, distribution, etc. 2004
300 ## - PHYSICAL DESCRIPTION
Extent 324p.
Other physical details ill
Dimensions 30cm.
350 ## - PRICE (NR) (BK AM CF MU VM SE) [OBSOLETE]
Price 120
490 ## - SERIES STATEMENT
Series statement CIRIA Publication
Volume/sequential designation C609
520 ## - SUMMARY, ETC.
Summary, etc. Discusses the key issues that must be considered when designing, constructing and maintaining Sustainable Urban Drainage System (SUDS) schemes to effectively manage rainwater runoff from development sites. The first part of the book includes information relevant to all SUDS techniques and the second part contains detailed discussions about the design and performance of each technique. Glossary andreferences.
650 ## - SUBJECT ADDED ENTRY--TOPICAL TERM
Topical term or geographic name entry element DRAINAGE SYSTEMS
650 ## - SUBJECT ADDED ENTRY--TOPICAL TERM
Topical term or geographic name entry element SURFACE WATER
650 ## - SUBJECT ADDED ENTRY--TOPICAL TERM
Topical term or geographic name entry element SUSTAINABLE URBAN DRAINAGE SYSTEMS
650 ## - SUBJECT ADDED ENTRY--TOPICAL TERM
Topical term or geographic name entry element BUILT ENVIRONMENT-CONSTRUCTION DESIGN
690 ## - LOCAL SUBJECT ADDED ENTRY--TOPICAL TERM (OCLC, RLIN)
Topical term or geographic name as entry element BUILT ENVIRONMENT-SUSTAINABLE CONSTRUCTION
700 ## - ADDED ENTRY--PERSONAL NAME
Personal name Bray, Bob
700 ## - ADDED ENTRY--PERSONAL NAME
Personal name Cooper, Phil
710 ## - ADDED ENTRY--CORPORATE NAME
Corporate name or jurisdiction name as entry element Construction Industry Research and Information Association
9 (RLIN) 4810
710 ## - ADDED ENTRY--CORPORATE NAME
Corporate name or jurisdiction name as entry element United Kingdom
Subordinate unit Department of Trade and Industry
942 ## - ADDED ENTRY ELEMENTS (KOHA)
Suppress in OPAC 0
Holdings
Withdrawn status Lost status Source of classification or shelving scheme Damaged status Not for loan Home library Current library Shelving location Date acquired Total Checkouts Full call number Barcode Date last seen Date last checked out Copy number Price effective from Koha item type
    Dewey Decimal Classification     London London Folio 03/06/2004 3 F627.4 WIL 30068758 06/08/2019 18/01/2007 1 06/08/2019 Book